<?xml version="1.0" encoding="UTF-8"?><?xml-stylesheet type="text/xsl" href="static/style.xsl"?><OAI-PMH xmlns="http://www.openarchives.org/OAI/2.0/" xmlns:xsi="http://www.w3.org/2001/XMLSchema-instance" xsi:schemaLocation="http://www.openarchives.org/OAI/2.0/ http://www.openarchives.org/OAI/2.0/OAI-PMH.xsd"><responseDate>2026-04-14T14:50:29Z</responseDate><request verb="GetRecord" identifier="oai:uvadoc.uva.es:10324/51160" metadataPrefix="marc">https://uvadoc.uva.es/oai/request</request><GetRecord><record><header><identifier>oai:uvadoc.uva.es:10324/51160</identifier><datestamp>2022-02-08T08:57:02Z</datestamp><setSpec>com_10324_1174</setSpec><setSpec>com_10324_931</setSpec><setSpec>com_10324_894</setSpec><setSpec>col_10324_1342</setSpec></header><metadata><record xmlns="http://www.loc.gov/MARC21/slim" xmlns:doc="http://www.lyncode.com/xoai" xmlns:xsi="http://www.w3.org/2001/XMLSchema-instance" xmlns:dcterms="http://purl.org/dc/terms/" xsi:schemaLocation="http://www.loc.gov/MARC21/slim http://www.loc.gov/standards/marcxml/schema/MARC21slim.xsd">
<leader>00925njm 22002777a 4500</leader>
<datafield tag="042" ind1=" " ind2=" ">
<subfield code="a">dc</subfield>
</datafield>
<datafield tag="720" ind1=" " ind2=" ">
<subfield code="a">Jerez Cabrero, Enrique</subfield>
<subfield code="e">author</subfield>
</datafield>
<datafield tag="260" ind1=" " ind2=" ">
<subfield code="c">2003</subfield>
</datafield>
<datafield tag="520" ind1=" " ind2=" ">
<subfield code="a">Es reseña de: Alvar Ezquerra,Carlos, Lucía Megías, José Manuel (coords.), Diiccionario filológico de literatura medieval española. Textos y transmisión, Madrid, Castalia, 2002, 1178 pp. ISBN 84-9740-018-6</subfield>
</datafield>
<datafield tag="024" ind2=" " ind1="8">
<subfield code="a">Revista de Poética Medieval, 2003, n. 10, p. 114-119</subfield>
</datafield>
<datafield tag="024" ind2=" " ind1="8">
<subfield code="a">1137-8905</subfield>
</datafield>
<datafield tag="024" ind2=" " ind1="8">
<subfield code="a">https://uvadoc.uva.es/handle/10324/51160</subfield>
</datafield>
<datafield tag="024" ind2=" " ind1="8">
<subfield code="a">10.1081/JDI-120006769</subfield>
</datafield>
<datafield tag="024" ind2=" " ind1="8">
<subfield code="a">114</subfield>
</datafield>
<datafield tag="024" ind2=" " ind1="8">
<subfield code="a">10</subfield>
</datafield>
<datafield tag="024" ind2=" " ind1="8">
<subfield code="a">119</subfield>
</datafield>
<datafield tag="024" ind2=" " ind1="8">
<subfield code="a">Revista de Poética Medieval</subfield>
</datafield>
<datafield ind1=" " ind2=" " tag="653">
<subfield code="a">Literatura medieval</subfield>
</datafield>
<datafield ind1=" " ind2=" " tag="653">
<subfield code="a">Literatura española - Hasta 1500</subfield>
</datafield>
<datafield ind1=" " ind2=" " tag="653">
<subfield code="a">Español (lengua)</subfield>
</datafield>
<datafield tag="245" ind1="0" ind2="0">
<subfield code="a">Diccionario filológico de literatura medieval española: textos y transmisión</subfield>
</datafield>
</record></metadata></record></GetRecord></OAI-PMH>